Library Banner

In search of identity (Record no. 82220)

MARC details
000 -LEADER
fixed length control field 00365nam a22001457a 4500
005 - DATE AND TIME OF LATEST TRANSACTION
control field 20160125124120.0
008 - FIXED-LENGTH DATA ELEMENTS--GENERAL INFORMATION
fixed length control field 160125b xxu||||| |||| 00| 0 eng d
040 ## - CATALOGING SOURCE
Transcribing agency PK-LaUMT
082 ## - DEWEY DECIMAL CLASSIFICATION NUMBER
Classification number AMC 962.050924
Item number ANW-S
100 ## - MAIN ENTRY--PERSONAL NAME
Personal name Anwar el-Sadat
245 ## - TITLE STATEMENT
Title In search of identity
Statement of responsibility, etc Anwar el-Sadat
260 ## - PUBLICATION, DISTRIBUTION, ETC. (IMPRINT)
Place of publication, distribution, etc London
Name of publisher, distributor, etc collins
Date of publication, distribution, etc 1978
300 ## - PHYSICAL DESCRIPTION
Extent 360 p.
942 ## - ADDED ENTRY ELEMENTS (KOHA)
Koha item type Books
Holdings
Withdrawn status Lost status Damaged status Home library Current library Date acquired Full call number Barcode Date last seen Price effective from Koha item type
      UMT Main Campus UMT Main Campus 2016-01-25 AMC 962.050924 ANW-S 85658 2016-01-25 2016-01-25 Books